| 000 | 00618cab a2200205 4500 | ||
|---|---|---|---|
| 001 | WB3423-17 | ||
| 008 | 090401t1998 xxu||||| |||| 00| 0 eng d | ||
| 035 | _a(Sirsi) u86863 | ||
| 041 | _aeng | ||
| 245 | _aSmaller heritage projects to gain | ||
| 260 | _c1998 | ||
| 350 | _a0 | ||
| 490 |
_aTimes _v17 June 1998, 10(1) |
||
| 520 | _aLottery money for heritage projects is to be directed to small and regional schemes according to Eric Anderson, Chairman, Heritage Lottery fund. | ||
| 650 | _aHERITAGE LOTTERY FUND | ||
| 650 | _aLOTTERY FUNDING | ||
| 690 | _aCONSERVATION | ||
| 942 | _n0 | ||
| 948 | _c17/06/1998 | ||
| 999 |
_c54700 _d54700 |
||